000 01974nam a22001577a 4500
041 _aukr
080 _a09
090 _bБОР
100 _aБороган-Яковчук, К. Ф.
245 _aПсихолінгвістичні особливості англомовної комунікативної культури
260 _aОстрог
_bКАФ
_c2013
300 _a69
520 _aВступ. Розділ І. Теоретичні засади дослідження англомовної комунікативної культури у психолінгвістичному аспекті. 1.1. Поняття комунікативної культури в сучасній лінгвістичній парадигмі 1.2. Психолінгвістичний підхід до вивчення комунікативної культури Розділ ІІ. Етноспецифічні риси англомовної комунікативної поведінки. 2.1. Комунікативні цінності англомовної культури 2.2. Вербальні особливості англомовної комунікативної поведінки 2.2.1. Директивні вислови й уживання імперативу 2.2.2. Евфемизація та політкоректність 2.2.3. Вживання ненормативної лексики 2.3. Невербальні особливості англомовної комунікативної поведінки 2.4. Табу в англомовній комунікативній культурі Розділ ІІІ. Економічні методи управління умовами та охороною праці. Висновки. Список використаної літератури. Додатки.
_0психолінгвістика, комунікативна культура
650 _aResearch Papers
999 _c285346
_d285346
942 _cBK